000 00390nam a2200145 a 4500
001 000047405
005 20201002060525.0
008 180515s2010 dr 000 0 spa d
040 _aDO-SdBNP
_bspa
_cBNPHU
082 _axx
_bxx
245 0 0 _aProclama fundacional.
260 _aSanto Domingo :
_bPartido V República,
_c2010.
300 _a7 p. : ;
_c24 cm.
590 _aInventariado, 2018/VM
999 _c46893
_d46893